Регионална библиотека "Любен Каравелов" - Русе

Агнес Сесилия - една тайнствена история (Запис номер 160367)

MARC детайли
000 -Лидер
Контролно поле с фиксирана дължина 01515nam a2200397 c 4500
003 - Код на организацията, давaща контролен номер
Контролно поле BLK
005 - Дата и час на последна редакция
Контролно поле 20250611114827.0
008 - Елементи от данни с фиксирана дължина
fixed length control field 180410b bul|||||r ||||||| ||bul||
010 ## - Наследен системен номер
LC control number KNG00167576000
020 ## - Международен стандартен номер на книга ISBN
Международен стандартен номер на книга ISBN 978-954-357-276-2
040 ## - Източник на каталожния запис
Идентификатор на билиотеката - собственик на записа BLK
041 ## - Код за език
Код за езика на текст/звукозапис или на отделно заглавие Български
Код за езика КДБФ Български
072 #7 - Код за тематичната категория
Код организация bullib
Код за тематична категория Н85
Текст Детска художествена литература Н
080 ## - УДК
Текстов определител УДК Шведска литература
УДК код - определител по УДК 821.113.6
УДК определител -93-31
УДК - код + определител 821.113.6-93-31
100 ## - Редна дума - Автор
Автор Грипе, Мария
Авторска отговорност първи автор
R(LIN) 306499
139 ## - Редно поле
Редна дума Грипе, Мария
Авторски знак Грин - Г 84
245 10 - Сведения за заглавието
Заглавие Агнес Сесилия - една тайнствена история
Редно поле (дума) Мария Грипе; прев. от швед. Ева Димитрова Кънева.
257 ## - Страна на издаване
Страна на създаване/издаване Швеция
260 ## - Област на издателските данни
Име на издателя, разпространителя и проч. ЕМАС
Година на издаване 2014
300 ## - Физическа характеристика
Страници 296 с.
Размери/Мащаб 20 см
380 ## - Жанр
Жанр Детска худож. лит.
490 ## - СЕРИИ (Колекции)
Име на серия Поредица Европейски разказвачи на ХХ - ХХІ век
9 (RLIN) 207401
500 ## - Общи забележки
Забележка Ориг. загл. Agnes Cecilia - en salisam historia / Maria Gripe.
653 ## - Ключова дума – ненормативна
Ключова дума романи
653 ## - Ключова дума – ненормативна
Ключова дума литература за деца
653 ## - Ключова дума – ненормативна
Ключова дума детска литература
659 ## - Тематичен бюлетин
Тематичен бюлетин Н
700 ## - Други автори (авторска отговорност)
Лично име Кънева, Ева Димитрова
Дати, свързани с автора 1985-
9 (RLIN) 379032
852 ## - Местоположение
Форматна сигнатура Цб 271559
856 4# - Електронен адрес и достъп
Електронен формат pdf - файл
856 4# - Електронен адрес и достъп
Електронен формат pdf - файл
999 ## - СИСТЕМНИ КОНТРОЛНИ НОМЕРА
Koha biblionumber 160367
Koha biblioitemnumber 160367
942 ## - АРТИКУЛИ
Вид на библиотечния материал Книги
Скрит в OPAC Не
Koha issues (borrowed), all copies 9
Периодичен библиозапис Да
944 ## - СЪЗДАВАНЕ И РЕДАКЦИЯ на ЗАПИСА
Създаване/Редакция Създаване
Дата на регистрацията/редакция 24.11.2014
Статус, дата на статуса Бояна Костадинова
Служител, извършил регистрацията/редакцията 30551
944 ## - СЪЗДАВАНЕ И РЕДАКЦИЯ на ЗАПИСА
Създаване/Редакция Редакция
Дата на регистрацията/редакция 19.09.2016
Статус, дата на статуса ф /
Служител, извършил регистрацията/редакцията Пенка_Димитрова
999 ## - СИСТЕМНИ КОНТРОЛНИ НОМЕРА
Koha biblioitemnumber 160367
Наличности
Код за отписване Код за изгубен артикул Код за повреда Коз за рестрикции Код за отдаване Артикулен № Име на библиотеката - собственик Име на библиотеката, в която се намира в момента Статус (Текущо местоположение) Дата на вписване в системата Местоположение - отдел Цена в лева Инвентарен номер Систематично азбучна сигнатура Баркод Номер на екземпляра Цена в евро Служебна бележка Служебен тип на артикула
  Не е изгубен Не е повреден без рестрикции заемане за дома 267979 Регионална библиотека "Любен Каравелов" Русе Регионална библиотека "Любен Каравелов" Русе Детски отдел 2014-11-27 Детски отдел 7.50 120000782624 ДХ 820/899/Г 84 120000782624 1 3.83 Дост: Pk Вид: Ф N: 3613 Дата: 18.11.2014 Дата инв: 06.08.2015 Бележки инв: Д2015 Книги
  Не е изгубен Не е повреден без рестрикции заемане за дома 267980 Регионална библиотека "Любен Каравелов" Русе Регионална библиотека "Любен Каравелов" Русе Детски отдел 2014-11-27 Детски отдел 7.50 120000782625 ДХ 820/899/Г 84 120000782625 2 3.83 Дост: Pk Вид: Ф N: 3613 Дата: 18.11.2014 Дата инв: 06.08.2015 Бележки инв: Д2015 Книги
  Не е изгубен Не е повреден без рестрикции ползва се в читалня 267981 Регионална библиотека "Любен Каравелов" Русе Регионална библиотека "Любен Каравелов" Русе Хранилище 2016-09-19 Хранилище 7.50 120000803927 Цб 271559 120000803927 3 3.83 Дост: Dp Вид: Д N: 33 Дата: 08.07.2016 Книги
Vip Innovations Ltd, Rousse, Bulgaria 2025